| 000 | 00335nam a2200133 4500 | ||
|---|---|---|---|
| 082 | _a891.4391 | ||
| 100 | _aAbdul Rasheed Bhatti Saqi | ||
| 245 | _aSoze Daroon (Urdu) | ||
| 260 |
_aIslamabad _bPaper Communication System _c2003 |
||
| 300 |
_a288p. _e22cm. |
||
| 650 | _aUrdu--Poetry | ||
| 700 | _aAbdul Rasheed Bhatti Saqi | ||
| 942 | _cBK | ||
| 999 |
_c12316 _d12316 |
||